| 000 | 00678nam a22001695i 4500 | ||
|---|---|---|---|
| 001 | 152297 | ||
| 003 | ES-MaACL | ||
| 005 | 20230906204629.0 | ||
| 008 | 051014m18791889ru | |||||||| ||ger d | ||
| 040 |
_aCAM _bspa _cCAM |
||
| 100 | 1 |
_aBöhtlingk, Otto. _9126268 |
|
| 245 | 1 | 0 |
_aSanskrit-wörterbuch in kürzerer fassung / _cbearbeitet von Otto Böhtlingk. |
| 260 |
_aSt. Petersburg : _bBuchdruckerei der Kaiserlichen Akademie der Wissenschaften, _c1879-1889. |
||
| 300 |
_a7 v. ; _c31 cm. |
||
| 650 | 4 |
_aLengua sánscrita- _xDiccionarios- _xAlemán. _9156333 |
|
| 852 |
_aES-MaACL _jF-13651-54 _z-- Enc. pasta española, conservando algunos la cub. original _z-- Enc. 7 t. en 4 v. |
||
| 999 |
_c152297 _d152297 |
||